000 00380nam a2200157Ia 4500
008 210716s2004 xx 000 0 und d
020 _a9780878932320
041 _aeng
082 _a574.87322 GIBG
100 _aGibson, Greg; Muse, Spencer V.
245 _aPrimer of genome science.
250 _a2
260 _aUSA
_c2004
300 _axiii,378
650 _aBioinformatics
999 _c188986
_d188986